000 01625nam0a2200385 4500
001 RU\NLR\bibl\862859
005 20260409073231.0
010 _a5-94774-217-9
_93000
021 _aRU
_b2005-36994
_91840
035 _a(NLR Aleph) 000851530
035 _a(nilc)RSL-KNO-002674906
090 _a1483124
_c1483124
100 _a20050610d2005 u y0rusy50 ca
101 0 _arus
102 _aRU
105 _aa |||||||||
106 _ar
200 1 _aОсновы программирования
_e[учебник]
_fС. Окулов
205 _a2-е изд., испр.
210 _aМ.
_cБИНОМ. Лаб. знаний
_d2005
_eВологда
_gПФ Полиграфист
215 _a440 с.
_cил.
_d22
320 _aБиблиогр.: с. 438-440
606 0 _aTURBO PASCAL, система программирования
_jУчебные издания
_92072066
_3RU\NLR\auth\661246881
606 _aПрограммирование (компьют.)
_jУчебные издания
_3RU\NLR\auth\661257252
_92081275
610 0 _aВычислительная техника -- Вычислительные машины электронные цифровые -- Программирование -- Учебник для самообразования
686 _aЗ973.2-018я78-1
_2rubbk
686 _aЗ973.23-018.1я7-1
700 1 _aОкулов
_bС. М.
_gСтанислав Михайлович
_4070
801 0 _aRU
_bRuMoRKP
_c20050610
_grcr
801 1 _aRU
_bRuMoRGB
_c20050610
801 2 _aRU
_bNLR
_c20051029
_grcr
830 _aАвт. по кн.
942 _cBOOK
980 _aNB